Midnight Bayou / (Record no. 331764)

000 -LEADER
fixed length control field 01149cam a2200313 a 4500
001 - CONTROL NUMBER
control field 12433995
003 - CONTROL NUMBER IDENTIFIER
control field NUST
005 - DATE AND TIME OF LATEST TRANSACTION
control field 20210727125326.0
008 - FIXED-LENGTH DATA ELEMENTS--GENERAL INFORMATION
fixed length control field 010607s2001 nyu 000 1 eng
010 ## - LIBRARY OF CONGRESS CONTROL NUMBER
LC control number 2001041643
020 ## - INTERNATIONAL STANDARD BOOK NUMBER
International Standard Book Number 9780515133974
Terms of availability Rs. 436
038 ## - RECORD CONTENT LICENSOR
Staff Name Arshad
040 ## - CATALOGING SOURCE
Original cataloging agency DLC
Transcribing agency DLC
Modifying agency DLC
043 ## - GEOGRAPHIC AREA CODE
Geographic area code n-us-la
050 00 - LIBRARY OF CONGRESS CALL NUMBER
Classification number PS3568.O243
Item number M536 2001
082 00 - DEWEY DECIMAL CLASSIFICATION NUMBER
Classification number 823
Author Mark ROB
100 1# - MAIN ENTRY--PERSONAL NAME
Personal name Roberts, Nora.
9 (RLIN) 4521
245 00 - TITLE STATEMENT
Title Midnight Bayou /
Statement of responsibility, etc. Nora Roberts.
260 ## - PUBLICATION, DISTRIBUTION, ETC.
Place of publication, distribution, etc. New York :
Name of publisher, distributor, etc. G.P. Putnam's Sons,
Date of publication, distribution, etc. 2001.
300 ## - PHYSICAL DESCRIPTION
Extent 352 p. ;
Dimensions 24 cm.
563 ## - BINDING INFORMATION
Binding note Paperback.
650 #0 - SUBJECT ADDED ENTRY--TOPICAL TERM
Topical term or geographic name entry element Home ownership
Form subdivision Fiction.
9 (RLIN) 5596
651 #0 - SUBJECT ADDED ENTRY--GEOGRAPHIC NAME
Geographic name New Orleans (La.)
Form subdivision Fiction.
9 (RLIN) 5597
655 #7 - INDEX TERM--GENRE/FORM
Genre/form data or focus term Romantic suspense fiction.
Source of term gsafd
9 (RLIN) 5598
856 42 - ELECTRONIC LOCATION AND ACCESS
Materials specified Contributor biographical information
Uniform Resource Identifier <a href="http://www.loc.gov/catdir/enhancements/fy1412/2001041643-b.html">http://www.loc.gov/catdir/enhancements/fy1412/2001041643-b.html</a>
906 ## - LOCAL DATA ELEMENT F, LDF (RLIN)
a 7
b cbc
c orignew
d 1
e ocip
f 20
g y-gencatlg
942 ## - ADDED ENTRY ELEMENTS (KOHA)
Source of classification or shelving scheme
Koha item type Book
Holdings
Withdrawn status Lost status Source of classification or shelving scheme Damaged status Not for loan Permanent Location Current Location Shelving location Date acquired Cost, normal purchase price Total Checkouts Full call number Barcode Checked out Date last seen Date last checked out Copy number Price effective from Koha item type
          Central Library (CL) Central Library (CL) Fiction 10/24/2017 0.00 5 823 ROB CL1020 02/09/2025 01/10/2025 01/10/2025 1 10/24/2017 Book
© 2023 Central Library, National University of Sciences and Technology. All Rights Reserved.